| 000 | 00831nam a2200289Ia 4500 | ||
|---|---|---|---|
| 008 | 160803s9999 xx 000 0 und d | ||
| 020 | _a0 439239079 | ||
| 100 | _aNumerroff, Laura | ||
| 245 | _aWhat grandmas do best ; What grandpas do best / | ||
| 245 | _cby Laura Numeroff ; illustrated by Lynn Munsinger. | ||
| 260 | _aNew York : | ||
| 260 | _bScholastic Inc. | ||
| 260 | _c2000 | ||
| 300 | _a1 volume (unpaged) : | ||
| 300 | _bcolor illustrations ; | ||
| 300 | _c26 cm | ||
| 500 | _aOriginally published: New York : Simon & Schuster Books for Young Readers, 2000. | ||
| 650 | _aAnimals -- | ||
| 650 | _aGrandfathers -- | ||
| 650 | _aGrandmothers -- | ||
| 650 | _aUpside-down books -- | ||
| 650 | _xFiction. | ||
| 650 | _xFiction. | ||
| 650 | _xFiction. | ||
| 650 | _xSpecimens. | ||
| 700 | _aBR | ||
| 999 |
_c299220 _d299220 |
||